Simulácie ako nástroj riadenia rizika v neživotnom poistení
Možnosti využitia simulácií celkového poistného plnenia, resp. prebytku poisťovne v rámci procesu riadenia rizika v portfóliu poistných zmlúv neživotného poistenia. Výsledky dosiahnuté riešením úloh pravdepodobnostného charakteru na základe počítačovej simulácie organizovaného náhodného procesu sú h...
Salvato in:
| Autore principale: | |
|---|---|
| Natura: | Capitolo di libro |
| Lingua: | slovacco |
| Soggetti: | |
| Tags: |
Nessun Tag, puoi essere il primo ad aggiungerne!!
|
MARC
| LEADER | 00000naa$a2200000$$$4500 | ||
|---|---|---|---|
| 001 | 0092468 | ||
| 005 | 20240502083235.0 | ||
| 041 | 0 | |a slo | |
| 044 | |a CZ | ||
| 245 | 1 | 0 | |a Simulácie ako nástroj riadenia rizika v neživotnom poistení |c Vladimír Mucha |
| 520 | |a Možnosti využitia simulácií celkového poistného plnenia, resp. prebytku poisťovne v rámci procesu riadenia rizika v portfóliu poistných zmlúv neživotného poistenia. Výsledky dosiahnuté riešením úloh pravdepodobnostného charakteru na základe počítačovej simulácie organizovaného náhodného procesu sú hodnoty náhodných veličín, takže na ich spracovanie je potrebná aplikácia metód matematickej štatistiky. | ||
| 610 | 2 | 0 | |a poistenie neživotné |
| 610 | 2 | 0 | |a riadenie rizík |
| 610 | 2 | 0 | |a simulácia |
| 610 | 2 | 0 | |a štatistika matematická |
| 610 | 2 | 0 | |a metóda Monte Carlo |
| 610 | 2 | 0 | |a plnenie poistné |
| 100 | 1 | |a Mucha, Vladimír, 1976- | |